00305nam a22001337a 4500003000400000020001800004082001800022100002500040245004600065250000800111260002000119300000800139653002400147SGT a9780323776158 a616.025bM23M aMalamed, Stanley F.  aMedical Emergencies in the dental office  a8th bElsevier c2023 a554 aMedical Emergencies